Existe unificacion jurisprudencial en la revision de la Corte Constitucional de los fallos de tutela emitidos en primera instancia en materia de seguridad social y riesgos profesionales en Cartagena D,T. y C., 1992-2005? / (Registro nro. 3500)
[ vista simple ]
| 000 -LEADER | |
|---|---|
| fixed length control field | 01837nam a2200361 a 4500 |
| 003 - CONTROL NUMBER IDENTIFIER | |
| control field | CO-CtgCURN |
| 005 - DATE AND TIME OF LATEST TRANSACTION | |
| control field | 20250329165425.0 |
| 008 - FIXED-LENGTH DATA ELEMENTS--GENERAL INFORMATION | |
| fixed length control field | 160531s2009 000 0 eng d |
| 040 ## - CATALOGING SOURCE | |
| Original cataloging agency | CO-CtgCURN |
| Language of cataloging | spa |
| Transcribing agency | coctgcurn |
| 082 0# - DEWEY DECIMAL CLASSIFICATION NUMBER | |
| Classification number | DER 2009 |
| Item number | R541 |
| 100 1# - MAIN ENTRY--PERSONAL NAME | |
| Personal name | Rico Hernández, Nancy. |
| 245 10 - TITLE STATEMENT | |
| Title | Existe unificacion jurisprudencial en la revision de la Corte Constitucional de los fallos de tutela emitidos en primera instancia en materia de seguridad social y riesgos profesionales en Cartagena D,T. y C., 1992-2005? / |
| Statement of responsibility, etc. | Nancy Rico Hernández, Edinson Giovani Rodríguez Chapeta, Cristian Sornoza Pérez ; asesor, Milton Buelvas Mendoza. |
| 260 ## - PUBLICATION, DISTRIBUTION, ETC. | |
| Place of publication, distribution, etc. | Cartagena de Indias : |
| Name of publisher, distributor, etc. | Corporación Universitaria Rafael Nuñez, |
| Date of publication, distribution, etc. | 2009. |
| 300 ## - PHYSICAL DESCRIPTION | |
| Extent | 92 h. + |
| Accompanying material | 1 CD-Rom. |
| 336 ## - CONTENT TYPE | |
| Source | rdacontent |
| 337 ## - MEDIA TYPE | |
| Source | rdamedia |
| Media type term | sin mediacion |
| Media type code | n |
| 338 ## - CARRIER TYPE | |
| Source | rdacarrier |
| Carrier type term | volumen |
| Carrier type code | nc |
| 500 ## - GENERAL NOTE | |
| General note | Incluye anexos. |
| 500 ## - GENERAL NOTE | |
| General note | El CD contiene un archivo que es el informe final. |
| 502 ## - DISSERTATION NOTE | |
| Dissertation note | Trabajo de grado (Abogado). Corporación Universitaria Rafael Nuñez. Facultad de Ciencias Sociales y Humanas. Programa de Derecho, 2009. |
| 504 ## - BIBLIOGRAPHY, ETC. NOTE | |
| Bibliography, etc. note | Incluye bibliografia. |
| 590 ## - LOCAL NOTE (RLIN) | |
| Local note | Derecho |
| 650 #0 - SUBJECT ADDED ENTRY--TOPICAL TERM | |
| Topical term or geographic name entry element | Derecho |
| Form subdivision | Tesis y disertaciones academicas. |
| 650 #0 - SUBJECT ADDED ENTRY--TOPICAL TERM | |
| Topical term or geographic name entry element | Tutela. |
| 650 #0 - SUBJECT ADDED ENTRY--TOPICAL TERM | |
| Topical term or geographic name entry element | Seguridad social |
| Form subdivision | Legislacion |
| Geographic subdivision | Colombia. |
| 650 #0 - SUBJECT ADDED ENTRY--TOPICAL TERM | |
| Topical term or geographic name entry element | Sistema General de Riesgos Profesionales |
| Geographic subdivision | Colombia. |
| 700 1# - ADDED ENTRY--PERSONAL NAME | |
| Personal name | Rodríguez Chapeta, Edinson Giovani. |
| 700 1# - ADDED ENTRY--PERSONAL NAME | |
| Personal name | Sornoza Pérez, Cristian. |
| 700 1# - ADDED ENTRY--PERSONAL NAME | |
| Personal name | Buelvas Mendoza, Milton, |
| Relator term | asesor. |
| 856 7# - ELECTRONIC LOCATION AND ACCESS | |
| Uniform Resource Identifier | <a href="https://unicurn.sharepoint.com/:b:/s/biblioteca/EbEfoE2lOrFJvz1VLvwBcmEBBoudFVq_OhprOpfkGgLEvg?e=Xe2HMr">https://unicurn.sharepoint.com/:b:/s/biblioteca/EbEfoE2lOrFJvz1VLvwBcmEBBoudFVq_OhprOpfkGgLEvg?e=Xe2HMr</a> |
| Public note | Click aqui para ver el recurso en texto completo |
| 942 ## - ADDED ENTRY ELEMENTS (KOHA) | |
| Classification part | DER 2009 |
| Item part | R541 |
| Source of classification or shelving scheme | Dewey Decimal Classification |
| Koha item type | Trabajos de grado |
| Withdrawn status | Lost status | Damaged status | Not for loan | Collection | Home library | Current library | Shelving location | Date acquired | Cost, normal purchase price | Inventory number | Total checkouts | Full call number | Barcode | Date last seen | Price effective from | Koha item type |
|---|---|---|---|---|---|---|---|---|---|---|---|---|---|---|---|---|
| Trabajos de grado | Miguel Henríquez Castañeda | Miguel Henríquez Castañeda | Trabajo de grado | 09/23/2018 | 35000.00 | 019383 | DER 2009 R541 | 019383 | 03/29/2025 | 03/29/2025 | Trabajos de grado |